Overenie účinnosti katalyzátora po recyklácii : Diplomová práca

Guardado en:
Detalles Bibliográficos
Autor principal: Belková, Viera (Autor)
Otros Autores: Fendrich, Emil, 1934- (xxx)
Formato: Manuscrito Libro
Lenguaje:eslovaco
Publicado: Trnava : STU v Bratislave MtF KPE, 2001
Materias:
Etiquetas: Agregar Etiqueta
Sin Etiquetas, Sea el primero en etiquetar este registro!

MARC

LEADER 00000ntm a22000003a 4500
001 stu85739
005 20160719154810.7
008 040408s2001----xo------------------slo-d
040 |a STU  |b slo 
041 0 |a slo 
044 |a xo 
100 1 |a Belková, Viera  |4 aut 
245 1 |a Overenie účinnosti katalyzátora po recyklácii :  |b Diplomová práca 
260 |a Trnava :  |b STU v Bratislave MtF KPE,  |c 2001 
300 |a 64 s 
650 7 |a inžinierstvo životného prostredia  |2 stusub 
700 1 |a Fendrich, Emil,  |d 1934-  |4 xxx  |u M390  |U MTF Materiálovotechnologická fakulta  |T MTF Katedra environmentálneho a bezpečnostného inžinierstva  |X 3602  |U M390  |Y 177  |7 A000003602